00315 2200133 4500001002100000005001500021035002000036245005600056300001200112260002500124082000800149084001200157990001200169INLIS00000000000199720250527083226 a0010-0525000289 aElektronika Dasar Dan Peripheral Komputer /cSugiri a123 hlm bPenerbit Andi,c2004 a600 a600 ELE a0713273